Entreprenourship (Record no. 2399)

MARC details
000 -LEADER
fixed length control field 00440nam a22001697a 4500
005 - DATE AND TIME OF LATEST TRANSACTION
control field 20180703123845.0
008 - FIXED-LENGTH DATA ELEMENTS--GENERAL INFORMATION
fixed length control field 160611b xxu||||| |||| 00| 0 eng d
020 ## - INTERNATIONAL STANDARD BOOK NUMBER
ISBN 9780070486607
041 ## - LANGUAGE CODE
Language code of text/sound track or separate title eng
082 ## - DEWEY DECIMAL CLASSIFICATION NUMBER
Item number 6894
Classification number 658.11
100 ## - MAIN ENTRY--AUTHOR NAME
Personal name Hisrich, Robert D and others
245 ## - TITLE STATEMENT
Title Entreprenourship
260 ## - PUBLICATION, DISTRIBUTION, ETC. (IMPRINT)
Place of publication NEW DELHI
Name of publisher TATA MCGRAW HILL PUBLISHING COMPANY LTD.
300 ## - PHYSICAL DESCRIPTION
Number of Pages 648p,
650 ## - SUBJECT ADDED ENTRY--TOPICAL TERM
Topical Term Management
942 ## - ADDED ENTRY ELEMENTS (KOHA)
Koha item type Books
Holdings
Lost status Damaged status Collection code Home library Current library Shelving location Date acquired Cost, normal purchase price Full call number Accession Number Koha item type
    MANAGEMENT JRU Library JRU Library SHELF-70 F 11/06/2016 350.00 658.11 6894 Books
    MANAGEMENT JRU Library JRU Library SHELF-70 F 11/06/2016 350.00 658.11 6895 Books